Szent-Györgyi hajléka
Elmentve itt :
| Dokumentumtípus: | Cikk |
|---|---|
| Megjelent: |
1937-11-05
|
| Sorozat: | Délmagyarország: politikai napilap
13 No. 252 |
| Kulcsszavak: | Nobel-díj 1937, Szent-Györgyi Albert, C vitamin |
| Online Access: | http://misc.bibl.u-szeged.hu/71694 |
| LEADER | 00602nab a2200169 i 4500 | ||
|---|---|---|---|
| 001 | misc71694 | ||
| 005 | 20240105092117.0 | ||
| 008 | 240103s1937 hu o 000 hun d | ||
| 040 | |a SZTE Miscellanea Repozitórium |b hun | ||
| 041 | |a hun | ||
| 245 | 0 | 0 | |a Szent-Györgyi hajléka |h [elektronikus dokumentum] |
| 260 | |c 1937-11-05 | ||
| 300 | |a 1 | ||
| 490 | 0 | |a Délmagyarország: politikai napilap |v 13 No. 252 | |
| 561 | |a Szent-Györgyi Albertről szóló irodalom | ||
| 695 | |a Nobel-díj 1937, Szent-Györgyi Albert, C vitamin | ||
| 856 | 4 | 0 | |u http://misc.bibl.u-szeged.hu/71694/1/szgya_1937_042_001.pdf |z Dokumentum-elérés |